000 00954nam a22003017a 4500
001 5055
003 FISKH
005 20250613142417.0
008 241104b cb ||||| |||| 00| 0 eng d
020 _a9780439026130
040 _aFISKH
_beng
_cFISKH
_dFISKH
050 _aPZ7.H37275
082 _a630.2
100 _aHelakoski, Leslie
_d(1916-)
245 _aBig chickens /
_cLeslie Helakoski illustrated by Henry Cole
250 _aFirst printing in 2007
260 _aNew York :
_bScholastic,
_c2007.
300 _a29 pages :
_bcolor illustrations ;
_c22 cm
505 _aJ
520 _aWhile trying to escape from a wolf, four frightened chickens keep getting themselves into the very predicaments they are trying to avoid.
521 8 _a490
_bLexile
521 8 _aJ
_bRaz-Plus
650 _2Courage
_aPicture book
650 _2Bravery
_aChickens
700 _aCole, Henry
_dIllustrator
942 _2ddc
_cBK
_n0
999 _c5055
_d5055